书目信息 |
| 题名: |
足球损伤预防与体能营养恢复
|
|
| 作者: | 宋琳 , 于跃 , 张廷安 编著 | |
| 分册: | ||
| 出版信息: | 北京 北京体育大学出版社 2018 |
|
| 页数: | 86页 | |
| 开本: | 26cm | |
| 丛书名: | ||
| 单 册: | ||
| 中图分类: | R873 , G843.2 | |
| 科图分类: | ||
| 主题词: | 足球运动--运动性疾病--损伤--防治--培训--教材 , 足球运动--体能--身体训练--培训--教材 | |
| 电子资源: | ||
| ISBN: | 978-7-5644-2693-4 | |
| 000 | 01241nam0 2200289 450 | |
| 001 | 1964 | |
| 005 | 20180522154251.48 | |
| 010 | @a978-7-5644-2693-4@dCNY25.00 | |
| 100 | @a20180412d2018 em y0chiy50 ea | |
| 101 | 0 | @achi |
| 102 | @aCN@b110000 | |
| 105 | @aa az 000yy | |
| 200 | 1 | @a足球损伤预防与体能营养恢复@9zu qiu sun shang yu fang yu ti neng ying yang hui fu@f宋琳,于跃,张廷安编著 |
| 210 | @a北京@c北京体育大学出版社@d2018 | |
| 215 | @a86页@c图,照片@d26cm | |
| 300 | @a校园足球教师教练员培训教材 | |
| 320 | @a有书目(第86页) | |
| 330 | @a本书分三章介绍了足球运动中常见的身体损伤的相关内容,教材首先对足球运动中常见的损伤做了简短的概述,然后就常见的损伤分别从解剖结构、损伤机制、症状和治疗预防角度详细介绍了相关内容,内容介绍时图文结合,对读者来说可以通过图片直观地了解损伤的基本预防和康复训练方法。最后介绍了运动员体能营养恢复的内容,内容介绍详尽实用,可以让读者通过阅读在训练和比赛中有所应用。 | |
| 606 | 0 | @a足球运动@x运动性疾病@x损伤@x防治@x培训@j教材 |
| 606 | 0 | @a足球运动@x体能@x身体训练@x培训@j教材 |
| 690 | @aR873@v5 | |
| 690 | @aG843.2@v5 | |
| 701 | 0 | @a宋琳@9song lin@4编著 |
| 701 | 0 | @a于跃@9yu yue@4编著 |
| 701 | 0 | @a张廷安@9Zhang Ting An@4编著 |
| 801 | 0 | @aCN@b91MARC@c20180412 |
| 905 | @aMuseLib@dR873@e18 | |
| 足球损伤预防与体能营养恢复/宋琳,于跃,张廷安编著.-北京:北京体育大学出版社,2018 |
| 86页:图,照片;26cm |
| 校园足球教师教练员培训教材 |
| ISBN 978-7-5644-2693-4:CNY25.00 |
| 本书分三章介绍了足球运动中常见的身体损伤的相关内容,教材首先对足球运动中常见的损伤做了简短的概述,然后就常见的损伤分别从解剖结构、损伤机制、症状和治疗预防角度详细介绍了相关内容,内容介绍时图文结合,对读者来说可以通过图片直观地了解损伤的基本预防和康复训练方法。最后介绍了运动员体能营养恢复的内容,内容介绍详尽实用,可以让读者通过阅读在训练和比赛中有所应用。 |
| ● |
| 相关链接 |
|
|
|
|
正题名:足球损伤预防与体能营养恢复
索取号:R873/18
 
预约/预借
| 序号 | 登录号 | 条形码 | 馆藏地/架位号 | 状态 | 备注 |
| 1 | 1107409 | 211074095 | 第二样本阅览室/ [索取号:R873/18] | 在馆 | |
| 2 | 1107410 | 211074102 | 教育系资料室/ [索取号:R873/18] | 在馆 | |
| 3 | 1107411 | 211074111 | 教育系资料室/ [索取号:R873/18] | 在馆 | |
| 4 | 1107412 | 211074120 | 第三借阅区/ [索取号:R873/18] | 在馆 |